00428nam a2200193Ia 4500003000900000008004100009040001300050040001300063041000800076100002100084245005800105250001100163260001200174260000900186300001100195300001200206300001000218490000600228IT-RoPAU120407s9999 xx 000 0 und d aIT-RoPAU cIT-RoPAU aita aFernand Cuvelier aStoria del libro. La via maestra dello spirito umano. aMilano aSugarco c1985 a315 p. b18 ill. c24 cm v1